Les 20 chanteurs préférés des français en 2018 - Statistiques

Statistiques générales
  • Ce quiz a été pris 224 fois
  • Le résultat moyen est 7 sur 20
Statistiques - réponses
Classement Indices Artistes % Correct
12 Coach Marseillais Soprano
66%
18 Dj David Guetta
57%
10 A raccourci son pseudo Maître Gims
50%
17 Comparse de Voulzy Alain Souchon
46%
19 Voice 2014 Kendji Girac
46%
8 René Céline Dion
45%
14 Benguigui Patrick Bruel
41%
1 Sister Jane Jean-Jacques Goldman
40%
6 Chanteur énervant Renaud
39%
11 Aspirant baryton Florent Pagny
35%
16 Il est bien là ! Vianney
35%
2 Verlan Stromae
30%
9 Fernand & Jackie Michel Sardou
28%
4 Astaffort Francis Cabrel
24%
15 Ex membre des Charts Calogero
23%
13 Anamorphosée Mylène Farmer
22%
3 Avec ou sans Corinne Téléphone
21%
5 Cinéma F3 Eddy Mitchell
14%
7 Péninsule Indochine
13%
20 2 du 31 Bigflo & Oli
5%
Aucun quiz correspondant
Distribution des résultats
% des personnes avec chaque résultat
Percentile par nombre de réponses
Votre historique - résultats
Vous n’avez pas pris ce quiz